000 00679nam a2200217Ia 4500
003 OSt
005 20260116140707.0
008 220923b |||||||| |||| 00| 0 eng d
020 _a8121510279
037 _cGeneral Book
040 _aRTL
_cRTL
_beng
041 _2eng
_aeng
084 _a Y;4251.433.N, P2
_q RTL
100 _a Ghosh Lipi
_9263573
245 0 _a Prostitution in Thailand: myth and reality
_b
260 _a New Delhi
_bMunshiram Manoharlal
_c2002
300 _axx, 327 p.
_b Includes bibliographical references and index.
650 _aSociology
_9898301
942 _hY;4251.433.N, P2
_cGB
_2CC
_n0
999 _c605160
_d605160